000 01519nam a2200349 4500
001 178818
003 ES-MaACL
005 20230905124008.0
008 110712s20092010sp abo |||| |dglg
020 _a978-84-613-6902-7
080 _a323.3(460.11)
080 _a323.3(469-17)
080 _a339.942(460.11)
080 _a339.942(469-17)
245 0 0 _aComplementariedade para competir
_b: Eixo Atlántico : unha estratexia polo territorio = Eixo Atlântico : uma estratégia pelo território /
_c[coordinador da publicación = coordenador da publicaço, Román Rodríguez González ; autores, Paula Cristina Almeida Remoaldo ... et al.].
260 _a[Vigo] :
_bEixo Atlântico do Noroeste Peninsular,
_c2009
_c[i.e. 2010]
300 _a209 p. :
_bil., mapas, fot. ;
_c24 cm.
490 1 _aTextos para o debate
504 _aReferencias bibliográficas.
546 _aTextos en gallego, portugués y español.
650 7 _aCooperación transfronteriza-
_zEspaña.
_911351
650 7 _aOrdenación del territorio-
_zGalicia.
_9147307
650 7 _aOrdenación del territorio-
_zPortugal.
_9147308
650 4 _aCooperación transfronteriza-
_zPortugal.
_9147311
700 1 _aRodríguez González, Román.
_9147309
700 1 _aRemoaldo, Paula Cristina Almeida.
_9147310
830 0 _aTextos para o debate
_9224342
852 _aES-MaACL
_9185682
_bR.145979
_jA-11332
_cDEPO1
_dOlim: N-4336
_xDonación: Editorial
942 _2udc
_cMONOGRAFIA
999 _c178818
_d178818